La importancia del gasto público
Bewaard in:
| Hoofdauteur: | |
|---|---|
| Formaat: | Texto |
| Gepubliceerd in: |
San José:
MIDEPLAN
|
| Tags: |
Voeg label toe
Geen labels, Wees de eerste die dit record labelt!
|
MARC
| LEADER | 00000 a a2200000 04500 | ||
|---|---|---|---|
| 001 | 17370 | ||
| 003 | |||
| 040 | |||
| 090 | |a 020200 | ||
| 100 | |a Arias Sánchez, Oscar | ||
| 245 | |a La importancia del gasto público | ||
| 260 | |a San José: |b MIDEPLAN | ||
| 300 | |a 8 p. | ||
| 500 | |a Discurso pronunciado por cadena de radio y TV, 2 de abril de 1976 | ||
| 999 | |c 2960 |d 2960 | ||
